000 00487nam a2200169 4500
999 _c8443
_d8443
008 180206b xxu||||| |||| 00| 0 eng d
020 _a0-395-42427-5
082 _21987
_aDC 808.4
_bH92
100 _926158
_aHunt, Douglas
245 _aThe dolphin reader/
_cDouglas Hunt.
250 _aShorter Edition.
260 _aBoston:
_bHoughton Mifflin Company,
_c©1987
300 _axxii, 785 pages;
_c21 cm.
521 _aIncludes index
650 0 _926159
_aCollege readers
942 _2ddc
_cDC